Doučujte. A zarábajte
Najväčší záujem o lektorov cudzích jazykov, v prvom rade angličtiny, na Slovensku. Komunita lektorov a doučovateľov na portáloch v štyroch krajinách Európy. Konkurencia a kvalita profilu lektora. Portál DoučMa.sk - na Slovensku jednotka vo svojom segmente.
Salvato in:
| Autore principale: | |
|---|---|
| Natura: | Capitolo di libro |
| Lingua: | slovacco |
| Soggetti: | |
| Tags: |
Nessun Tag, puoi essere il primo ad aggiungerne!!
|
MARC
| LEADER | 00000naa a2200000 4500 | ||
|---|---|---|---|
| 001 | 0221710 | ||
| 005 | 20231013092044.5 | ||
| 041 | 0 | |a slo | |
| 044 | |a SK | ||
| 245 | 1 | 0 | |a Doučujte. A zarábajte |c Jaroslav Hinšt |
| 520 | |a Najväčší záujem o lektorov cudzích jazykov, v prvom rade angličtiny, na Slovensku. Komunita lektorov a doučovateľov na portáloch v štyroch krajinách Európy. Konkurencia a kvalita profilu lektora. Portál DoučMa.sk - na Slovensku jednotka vo svojom segmente. | ||
| 610 | 2 | 0 | |a vzdelávanie |
| 610 | 2 | 0 | |a internet |
| 610 | 2 | 0 | |a stránky webové |
| 610 | 2 | 0 | |a príjmy |
| 610 | 2 | 0 | |a podnikanie |
| 610 | 2 | 0 | |a podnikatelia |
| 100 | 1 | |a Hinšt, Jaroslav | |